Mi Perú : (Record no. 10469)

000 -CABECERA
fixed length control field 00826nam a22002297a 4500
003 - IDENTIFICADOR DEL NÚMERO DE CONTROL
control field AR-CdUCM
008 - DATOS DE LONGITUD FIJA--INFORMACIÓN GENERAL
fixed length control field 190401b ||||| |||| 00| 0 spa d
040 ## - FUENTE DE LA CATALOGACIÓN
Agencia/entidad que catalogó originalmente la obra MUNICIPALIDAD PROVINCIAL DEL CUSCO
Entidad que transcribió la catalogación BIBLIOTECA MUNICIPAL DEL CUSCO
082 ## - NÚMERO DE LA CLASIFICACIÓN DECIMAL DEWEY
No. de Clasificación EP / 372.036 /
Notacion interna V32
100 ## - ENTRADA PRINCIPAL--NOMBRE DE PERSONA
Nombre Personal Vasquez Urday, Carlos Emilio
245 ## - MENCIÓN DE TÍTULO
Título Mi Perú :
Resto del título 6to grado /
260 ## - PUBLICACIÓN, DISTRIBUCIÓN, ETC.
Lugar de publicación, distribución, etc. Lima :
Nombre de la editorial, distribuidor, etc. Stella,
300 ## - DESCRIPCIÓN FÍSICA
Nº de Páginas Extensión 640 paginas ;
Dimensiones 25 cm.
440 ## - MENCIÓN DE SERIE/PUNTO DE ACCESO ADICIONAL--TÍTULO
Título Enciclopedia escolar
9 (RLIN) 27345
505 ## - NOTA DE CONTENIDO CON FORMATO
Nota de contenido formateada Contenido :Matemática -- Ciencias naturales -- Lenguaje -- Historia del Perú -- Geografía -- Educación cívica ...
650 ## - PUNTO DE ACCESO ADICIONAL DE MATERIA--TÉRMINO DE MATERIA
Descriptor Educación primaria
9 (RLIN) 1561
700 ## - PUNTO DE ACCESO ADICIONAL--NOMBRE DE PERSONA
Nombre Personal Heredia Lemus, Maria E.
9 (RLIN) 27346
700 ## - PUNTO DE ACCESO ADICIONAL--NOMBRE DE PERSONA
Nombre Personal Miranda Robles, Eloisa H.
9 (RLIN) 27347
700 ## - PUNTO DE ACCESO ADICIONAL--NOMBRE DE PERSONA
Nombre Personal Sierra Manchengo, Siles E.
9 (RLIN) 27348
942 ## - ELEMENTOS DE PUNTO DE ACCESO ADICIONAL (KOHA)
Fuente de clasificación
Tipo de item Libros-BMC
945 ## - PROCESAMIENTO DE INFORMACIÓN LOCAL (OCLC)
Catalogador rum
Holdings
Estado de retiro (separado) Fuente de clasificación o esquema de estanterías Estado dañado Ubicación Sala donde se ubica Nombre de la colección Fecha de adquisición o compra Costo, precio normal en soles Signatura topográfica Código de Barras Última vez visto (Koha) Tipo de ítem (Koha)
No     Sala de Infantes Sala de Infantes Children's Area 2019-04-01 67.00 EP / 372.036 / V32 SI00000559 2019-04-01 Libros-BMC
No     Sala de Infantes Sala de Infantes Children's Area 2019-04-03 67.00 EP / 372.036 / V32 / e.2 SI00001079 2019-04-03 Libros-BMC

Powered by Koha